[Event "AUT-chT2O 1617"]
[Site "Austria"]
[Date "2017.03.04"]
[Round "8.4"]
[White "Vitouch, Anatol"]
[Black "Koffler, Daniel"]
[Result "1-0"]
[WhiteElo "2320"]
[BlackElo "2152"]
[PlyCount "37"]
[EventDate "2016.10.15"]
[EventType "team-tourn"]
[EventRounds "11"]
[EventCountry "AUT"]
[SourceTitle "CBM 177 Extra"]
[Source "ChessBase"]
[SourceDate "2017.04.27"]
[SourceVersion "1"]
[SourceVersionDate "2017.04.27"]
[SourceQuality "1"]
[WhiteTeam "Pamhagen"]
[BlackTeam "Nickelsdorf Blackburne II"]
[WhiteTeamCountry "AUT"]
[BlackTeamCountry "AUT"]

1. c4 e5 2. g3 c6 3. d4 e4 4. Nc3 d5 5. Nh3 Nf6 6. cxd5 cxd5 7. Bg5 Nc6 8. Bxf6 Qxf6 9. Nxd5 Qd8 10. Nc3 Qxd4 11. Qxd4 Nxd4 12. 0-0-0 Bc5 13. e3 Nc6 14. Nxe4 Bb6 15. Nd6+ Ke7 16. Nf4 Bg4 17. Be2 Bxe2 18. Nxe2 Nd4 19. Rxd4 1-0

[Event "AUT-chT2O 1617"]
[Site "Austria"]
[Date "2016.10.16"]
[Round "2.2"]
[White "Koffler, Daniel"]
[Black "Ganaus, Hannes"]
[Result "0-1"]
[WhiteElo "2152"]
[BlackElo "2277"]
[PlyCount "56"]
[EventDate "2016.10.15"]
[EventType "team-tourn"]
[EventRounds "11"]
[EventCountry "AUT"]
[SourceTitle "EXT 2017"]
[Source "ChessBase"]
[SourceDate "2016.10.25"]
[SourceVersion "1"]
[SourceVersionDate "2016.10.25"]
[SourceQuality "1"]
[WhiteTeam "Nickelsdorf Blackburne II"]
[BlackTeam "Poechlarn"]
[WhiteTeamCountry "AUT"]
[BlackTeamCountry "AUT"]

1. e4 c6 2. d4 d5 3. e5 Bf5 4. h4 c5 5. g4 Bd7 6. c3 Nc6 7. Bh3 Rc8 8. Nf3 e6 9. Bg5 Qb6 10. b3 cxd4 11. 0-0 dxc3 12. Nxc3 Ba3 13. Be3 Qa5 14. Na4 Nge7 15. Re1 Nb4 16. Bd2 Qd8 17. Bxb4 Bxb4 18. Re2 Ng6 19. Qd4 a5 20. Nb6 Bc5 21. Nxc8 Bxd4 22. Nd6+ Kf8 23. Nxd4 Qxh4 24. Re3 Nxe5 25. Nf3 Nxf3+ 26. Rxf3 Ke7 27. Nxb7 h5 28. gxh5 Qb4 0-1

[Event "AUT-chT2O 1516"]
[Site "Austria"]
[Date "2016.04.10"]
[Round "11.4"]
[White "Sadilek, Maximilian"]
[Black "Koffler, Daniel"]
[Result "1-0"]
[WhiteElo "2227"]
[BlackElo "2173"]
[PlyCount "37"]
[EventDate "2015.10.17"]
[EventType "team-tourn"]
[EventRounds "11"]
[EventCountry "AUT"]
[SourceTitle "EXT 2017"]
[Source "ChessBase"]
[SourceDate "2016.10.25"]
[SourceVersion "1"]
[SourceVersionDate "2016.10.25"]
[SourceQuality "1"]
[WhiteTeam "Tschaturanga"]
[BlackTeam "Nickelsdorf Blackburne"]
[WhiteTeamCountry "AUT"]
[BlackTeamCountry "AUT"]

1. Nc3 e5 2. e4 Nf6 3. g3 Bb4 4. Bg2 0-0 5. Nge2 c6 6. 0-0 d5 7. exd5 Nxd5 8. Nxd5 cxd5 9. d4 e4 10. Nf4 Nc6 11. c3 Ba5 12. f3 g5 13. Nxd5 Qxd5 14. fxe4 Qd8 15. Qh5 f6 16. e5 Nxd4 17. exf6 Rxf6 18. Bxg5 Ne2+ 19. Kh1 1-0

[Event "AUT-chT2O 1415"]
[Site "Austria"]
[Date "2015.01.24"]
[Round "6.2"]
[White "Srienz, Christian"]
[Black "Koffler, Daniel"]
[Result "1/2-1/2"]
[WhiteElo "2255"]
[BlackElo "2170"]
[PlyCount "53"]
[EventDate "2014.10.18"]
[EventType "team-tourn"]
[EventRounds "11"]
[EventCountry "AUT"]
[SourceTitle "EXT 2016"]
[Source "ChessBase"]
[SourceDate "2015.10.08"]
[SourceVersion "1"]
[SourceVersionDate "2015.10.08"]
[SourceQuality "1"]
[WhiteTeam "Tschaturanga"]
[BlackTeam "Nickelsdorf"]
[WhiteTeamCountry "AUT"]
[BlackTeamCountry "AUT"]

1. c4 e6 2. Nc3 d5 3. d4 c5 4. e3 Nc6 5. Nf3 Nf6 6. a3 a6 7. cxd5 exd5 8. Be2 c4 9. Ne5 Be7 10. Nxc6 bxc6 11. b3 cxb3 12. Qxb3 0-0 13. Qc2 c5 14. dxc5 Bxc5 15. 0-0 Qe7 16. Rd1 Be6 17. Bf3 Rfd8 18. Bb2 Rab8 19. Ne2 Rdc8 20. Bxf6 Qxf6 21. Qd3 a5 22. Nd4 h6 23. Qe2 Qe5 24. h3 Bd6 25. g3 Bxh3 26. Nb5 Be6 27. Qd3 1/2-1/2

[Event "AUT-chT2O 1112"]
[Site "Austria"]
[Date "2012.03.17"]
[Round "8.4"]
[White "Kleiser, Gregor"]
[Black "Koffler, Daniel"]
[Result "0-1"]
[WhiteElo "2263"]
[BlackElo "2220"]
[PlyCount "68"]
[EventDate "2011.10.15"]
[EventType "team-tourn"]
[EventRounds "11"]
[EventCountry "AUT"]
[SourceTitle "EXT 2013"]
[Source "ChessBase"]
[SourceDate "2012.11.22"]
[SourceVersion "1"]
[SourceVersionDate "2012.11.22"]
[SourceQuality "1"]
[WhiteTeam "Tschaturanga"]
[BlackTeam "Nickelsdorf"]
[WhiteTeamCountry "AUT"]
[BlackTeamCountry "AUT"]

1. d4 Nf6 2. Nf3 d5 3. g3 c6 4. Bg2 Bf5 5. c4 e6 6. Nc3 Nbd7 7. 0-0 Be7 8. Qb3 Qb6 9. c5 Qa6 10. Nh4 Bg6 11. Bg5 b6 12. Nxg6 hxg6 13. cxb6 axb6 14. e4 dxe4 15. Rfe1 Rc8 16. Bxe4 Qa5 17. Bxf6 Nxf6 18. Bxg6 fxg6 19. Qxe6 Rc7 20. Re5 Qb4 21. d5 Kf8 22. Ne4 Nxe4 23. Rxe4 Qd6 24. Rf4+ Ke8 25. Re1 Qxe6 26. Rxe6 cxd5 27. Rxb6 Rd7 28. a4 d4 29. Rb8+ Bd8 30. Re4+ Kf7 31. Rf4+ Bf6 32. Rxf6+ Kxf6 33. Rxh8 d3 34. Rf8+ Ke7 0-1

[Event "AUT-chT2O 1112"]
[Site "Austria"]
[Date "2011.11.06"]
[Round "4.4"]
[White "Schneider Zinner, Harald"]
[Black "Koffler, Daniel"]
[Result "1-0"]
[WhiteElo "2386"]
[BlackElo "2220"]
[PlyCount "89"]
[EventDate "2011.10.15"]
[EventType "team-tourn"]
[EventRounds "11"]
[EventCountry "AUT"]
[SourceTitle "EXT 2013"]
[Source "ChessBase"]
[SourceDate "2012.11.22"]
[SourceVersion "1"]
[SourceVersionDate "2012.11.22"]
[SourceQuality "1"]
[WhiteTeam "Wien Ottakring"]
[BlackTeam "Nickelsdorf"]
[WhiteTeamCountry "AUT"]
[BlackTeamCountry "AUT"]

1. c4 g6 2. g3 Bg7 3. Bg2 Nf6 4. Nc3 0-0 5. e4 c5 6. Nge2 Nc6 7. 0-0 Nd4 8. Nxd4 cxd4 9. Ne2 Qb6 10. d3 d6 11. Rb1 a5 12. b3 Ra6 13. Bd2 Qa7 14. h3 Bd7 15. f4 b5 16. Qe1 a4 17. Nc1 axb3 18. axb3 Rb8 19. Qf2 Be8 20. b4 Rc8 21. e5 dxe5 22. fxe5 Nd7 23. cxb5 Ra3 24. e6 fxe6 25. Bf4 e5 26. Bg5 Nf6 27. Nb3 Bxb5 28. Rbc1 Rxc1 29. Rxc1 Qd7 30. Qb2 Ra7 31. Nc5 Qf5 32. Qd2 Be8 33. Re1 Bf7 34. Rf1 Qc8 35. Rb1 Nd5 36. Ne4 Qf8 37. Qc1 Rc7 38. Qb2 Bh6 39. b5 Ne3 40. b6 Rc2 41. Qxc2 Nxc2 42. Bxh6 Qb8 43. b7 Be6 44. Nc5 Bc8 45. Na6 1-0

[Event "AUT-chT2O 1011"]
[Site "Austria"]
[Date "2011.01.30"]
[Round "9.5"]
[White "Koffler, Daniel"]
[Black "Lovrinovic, Christian"]
[Result "1-0"]
[WhiteElo "2199"]
[BlackElo "2193"]
[PlyCount "141"]
[EventDate "2010.10.02"]
[EventType "team-tourn"]
[EventRounds "11"]
[EventCountry "AUT"]
[SourceTitle "EXT 2012"]
[Source "ChessBase"]
[SourceDate "2011.11.24"]
[SourceVersion "1"]
[SourceVersionDate "2011.11.24"]
[SourceQuality "1"]
[WhiteTeam "Nickelsdorf"]
[BlackTeam "Waehring"]
[WhiteTeamCountry "AUT"]
[BlackTeamCountry "AUT"]

1. d4 Nf6 2. Bg5 Ne4 3. Bf4 c5 4. f3 Qa5+ 5. c3 Nf6 6. Nd2 cxd4 7. Nb3 Qf5 8. Bxb8 Rxb8 9. Qxd4 b6 10. e4 Qe6 11. Bc4 d5 12. Bxd5 Nxd5 13. Qxd5 Qxd5 14. exd5 e6 15. dxe6 Bxe6 16. Ne2 Be7 17. Kf2 0-0 18. Ned4 Bd7 19. Rhe1 Bf6 20. Re4 Rfc8 21. Rd1 Rb7 22. Nc1 g6 23. Nd3 b5 24. a3 h5 25. Rde1 Kf8 26. Ne5 Be8 27. f4 a5 28. R4e2 Be7 29. Nd3 Bf6 30. g3 Bd7 31. Ne5 Be8 32. h4 Be7 33. Nd3 Rd8 34. Kg1 Bd6 35. Kh2 Re7 36. Ne5 Rc8 37. f5 Rxe5 38. Rxe5 Bxe5 39. Rxe5 Rb8 40. Kg2 Rb6 41. Kf3 Bd7 42. fxg6 fxg6 43. Ke4 Kf7 44. Rc5 Kf6 45. Rc7 Bh3 46. Kf4 Bf1 47. b3 a4 48. bxa4 bxa4 49. Rc6+ Rxc6 50. Nxc6 Bd3 51. Ne5 Bf5 52. Nf3 Bc2 53. Ng5 Bf5 54. Ne4+ Ke7 55. Nc5 Bc2 56. Ke5 Bb3 57. Ne4 Ba2 58. Nf6 Bb3 59. Nd5+ Kd7 60. Nf4 Bc2 61. Kf6 Kc6 62. Nxg6 Kc5 63. Ne5 Bd1 64. Kf5 Kd5 65. g4 hxg4 66. Nxg4 Bc2+ 67. Kf6 Bd3 68. h5 Bb1 69. Ne5 Bh7 70. h6 Ke4 71. Ng6 1-0

[Event "Balatonlelle op 27th"]
[Site "Balatonlelle"]
[Date "2009.06.14"]
[Round "2"]
[White "Mihok, Oliver"]
[Black "Koffler, Daniel"]
[Result "0-1"]
[WhiteElo "2364"]
[BlackElo "2250"]
[PlyCount "59"]
[EventDate "2009.06.13"]
[EventType "swiss"]
[EventRounds "9"]
[EventCountry "HUN"]
[SourceTitle "CBM 131 Extra"]
[Source "ChessBase"]
[SourceDate "2009.09.03"]
[SourceVersion "2"]
[SourceVersionDate "2009.09.16"]
[SourceQuality "1"]

1. e4 e5 2. Nf3 Nc6 3. Bb5 Nf6 4. d3 Bc5 5. c3 0-0 6. 0-0 d5 7. Bxc6 bxc6 8. Nxe5 dxe4 9. d4 Bb6 10. Nxc6 Qe8 11. Ne5 c5 12. Re1 Qe6 13. Na3 cxd4 14. cxd4 Rd8 15. Be3 Nd5 16. Rc1 Bb7 17. Qb3 Rab8 18. Qa4 Ne7 19. Red1 Bd5 20. Nec4 Nf5 21. Nxb6 axb6 22. Qb5 Nd6 23. Qb4 Qg6 24. Nc2 Nf5 25. Ne1 Rbc8 26. Qb5 Qe6 27. a3 h6 28. Qb4 Nh4 29. Qb5 Nf5 30. Qb4 0-1

[Event "AUT-chT2O 0708"]
[Site "Austria"]
[Date "2008.03.16"]
[Round "11.4"]
[White "Koffler, Daniel"]
[Black "Weissenbeck, Manuel"]
[Result "1/2-1/2"]
[WhiteElo "2213"]
[BlackElo "2264"]
[PlyCount "21"]
[EventDate "2007.10.20"]
[EventType "team"]
[EventRounds "11"]
[EventCountry "AUT"]
[SourceTitle "EXT 2009"]
[Source "ChessBase"]
[SourceDate "2008.11.26"]
[SourceVersion "1"]
[SourceVersionDate "2008.11.26"]
[SourceQuality "1"]
[WhiteTeam "Nickelsdorf"]
[BlackTeam "Eichgraben"]
[WhiteTeamCountry "AUT"]
[BlackTeamCountry "AUT"]

1. e4 e5 2. Nf3 d6 3. d4 exd4 4. Nxd4 Nf6 5. Nc3 Be7 6. Bf4 0-0 7. Qd2 Nc6 8. 0-0-0 Nxd4 9. Qxd4 Be6 10. f3 a6 11. g4 1/2-1/2

[Event "AUT-chT2O 0708"]
[Site "Austria"]
[Date "2008.02.16"]
[Round "8.3"]
[White "Koffler, Daniel"]
[Black "Riedner, Martin"]
[Result "1/2-1/2"]
[WhiteElo "2213"]
[BlackElo "2190"]
[PlyCount "100"]
[EventDate "2007.10.20"]
[EventType "team"]
[EventRounds "11"]
[EventCountry "AUT"]
[SourceTitle "EXT 2009"]
[Source "ChessBase"]
[SourceDate "2008.11.26"]
[SourceVersion "1"]
[SourceVersionDate "2008.11.26"]
[SourceQuality "1"]
[WhiteTeam "Nickelsdorf"]
[BlackTeam "Mattersburg"]
[WhiteTeamCountry "AUT"]
[BlackTeamCountry "AUT"]

1. e4 e6 2. d4 d5 3. e5 b6 4. c3 Qd7 5. Nf3 Ne7 6. Na3 Ba6 7. Bxa6 Nxa6 8. Qd3 Nb8 9. Nc2 c5 10. b4 cxb4 11. cxb4 Nbc6 12. 0-0 Ng6 13. Bd2 Be7 14. Rfc1 0-0 15. Rab1 f6 16. b5 Nd8 17. Bb4 fxe5 18. Nxe5 Nxe5 19. dxe5 Bc5 20. Nd4 Rc8 21. Bc3 Nf7 22. Nf3 Nh6 23. h3 Nf5 24. Rf1 h6 25. Nd4 Bxd4 26. Bxd4 Rc4 27. Be3 Qc7 28. Rfe1 Qf7 29. Rbc1 Re4 30. Bd2 Nh4 31. Qg3 Nf5 32. Qd3 Rd4 33. Qe2 Nh4 34. Rc3 Qg6 35. Rg3 Qc2 36. Rxg7+ Kh8 37. Bxh6 Qxe2 38. Rxe2 Rd1+ 39. Kh2 Nf5 40. Rg6 Rc8 41. Be3 d4 42. Bxd4 Nxd4 43. Re4 Kh7 44. Rf6 Rc7 45. Rh4+ Kg8 46. Rg4+ Rg7 47. Rgf4 Rd7 48. Rg4+ Rg7 49. Rgf4 Rd7 50. Rg4+ Rg7 1/2-1/2

[Event "AUT-chT2O 0708"]
[Site "Austria"]
[Date "2008.01.27"]
[Round "7.4"]
[White "Koffler, Daniel"]
[Black "Batyte, Daiva"]
[Result "1-0"]
[WhiteElo "2213"]
[BlackElo "2198"]
[PlyCount "103"]
[EventDate "2007.10.20"]
[EventType "team"]
[EventRounds "11"]
[EventCountry "AUT"]
[SourceTitle "EXT 2009"]
[Source "ChessBase"]
[SourceDate "2008.11.26"]
[SourceVersion "1"]
[SourceVersionDate "2008.11.26"]
[SourceQuality "1"]
[WhiteTeam "Nickelsdorf"]
[BlackTeam "Stockerau"]
[WhiteTeamCountry "AUT"]
[BlackTeamCountry "AUT"]

1. e4 b6 2. d4 Bb7 3. Bd3 Nf6 4. Qe2 Nc6 5. c3 e5 6. Nf3 d6 7. 0-0 Nd7 8. Rd1 Be7 9. Nbd2 0-0 10. Nf1 Bf6 11. d5 Ne7 12. Ng3 Ng6 13. Nh5 Be7 14. h3 a5 15. b4 axb4 16. cxb4 c5 17. dxc6 Bxc6 18. Be3 Ra4 19. Bb5 Bxb5 20. Qxb5 Ra7 21. Ng3 Qa8 22. a4 Rc7 23. Nf5 Rc6 24. Qd3 Rfc8 25. b5 Nc5 26. Bxc5 Rxc5 27. Nxe7+ Nxe7 28. Qxd6 Ng6 29. Qxb6 Rc4 30. a5 h6 31. Qd6 Qxe4 32. Nd2 Qf5 33. Nxc4 Rxc4 34. Qd8+ Kh7 35. Qd3 Qc8 36. a6 Rd4 37. Qxd4 exd4 38. a7 Qa8 39. b6 Nf4 40. b7 Qxb7 41. a8Q Qe7 42. Re1 Qg5 43. Qf3 d3 44. Re4 Ng6 45. Qxd3 f5 46. Rd4 Ne5 47. Qe2 Qf6 48. Re1 Ng6 49. Ra4 Qc6 50. Ra6 Qc5 51. Qh5 Nf4 52. Rxh6+ 1-0